<?xml version="1.0" encoding="UTF-8"?>
<record
    xmlns:xsi="http://www.w3.org/2001/XMLSchema-instance"
    xsi:schemaLocation="http://www.loc.gov/MARC21/slim http://www.loc.gov/standards/marcxml/schema/MARC21slim.xsd"
    xmlns="http://www.loc.gov/MARC21/slim">

  <leader>00443nam a22001697a 4500</leader>
  <controlfield tag="005">20251218162259.0</controlfield>
  <controlfield tag="008">251218b        |||||||| |||| 00| 0 eng d</controlfield>
  <datafield tag="020" ind1=" " ind2=" ">
    <subfield code="a">978-93-91211-66-0</subfield>
  </datafield>
  <datafield tag="100" ind1=" " ind2=" ">
    <subfield code="a">SAXENA, POONAM PRADHAN</subfield>
  </datafield>
  <datafield tag="245" ind1=" " ind2=" ">
    <subfield code="a">FAMILY LAW II</subfield>
  </datafield>
  <datafield tag="250" ind1=" " ind2=" ">
    <subfield code="a">5TH ED</subfield>
  </datafield>
  <datafield tag="260" ind1=" " ind2=" ">
    <subfield code="a">HARYANA, INDIA</subfield>
    <subfield code="b">LEXISNEXIS</subfield>
    <subfield code="c">2022</subfield>
  </datafield>
  <datafield tag="300" ind1=" " ind2=" ">
    <subfield code="a">LXXVI, 646P.</subfield>
  </datafield>
  <datafield tag="500" ind1=" " ind2=" ">
    <subfield code="a">INCLUDES SUBJECT INDEX</subfield>
  </datafield>
  <datafield tag="650" ind1=" " ind2=" ">
    <subfield code="a">1. FAMILY LAW -INDIA</subfield>
  </datafield>
  <datafield tag="942" ind1=" " ind2=" ">
    <subfield code="2">lcc</subfield>
    <subfield code="c">BK</subfield>
  </datafield>
  <datafield tag="999" ind1=" " ind2=" ">
    <subfield code="c">216363</subfield>
    <subfield code="d">216363</subfield>
  </datafield>
  <datafield tag="952" ind1=" " ind2=" ">
    <subfield code="0">0</subfield>
    <subfield code="1">0</subfield>
    <subfield code="2">lcc</subfield>
    <subfield code="4">0</subfield>
    <subfield code="6">KNS0540 S29  02022</subfield>
    <subfield code="7">0</subfield>
    <subfield code="8">LAW</subfield>
    <subfield code="9">374065</subfield>
    <subfield code="a">KSUL</subfield>
    <subfield code="b">KSUL</subfield>
    <subfield code="c">DISPLAY</subfield>
    <subfield code="d">2025-12-18</subfield>
    <subfield code="i">110312</subfield>
    <subfield code="l">0</subfield>
    <subfield code="o">KNS 540. S29 2022</subfield>
    <subfield code="p">000000018694</subfield>
    <subfield code="r">2025-12-18 16:24:00</subfield>
    <subfield code="t">C.1</subfield>
    <subfield code="w">2025-12-18</subfield>
    <subfield code="y">BK</subfield>
  </datafield>
  <datafield tag="952" ind1=" " ind2=" ">
    <subfield code="0">0</subfield>
    <subfield code="1">0</subfield>
    <subfield code="2">lcc</subfield>
    <subfield code="4">0</subfield>
    <subfield code="6">KNS0540 S29  02022</subfield>
    <subfield code="7">0</subfield>
    <subfield code="8">LAW</subfield>
    <subfield code="9">374066</subfield>
    <subfield code="a">KSUL</subfield>
    <subfield code="b">KSUL</subfield>
    <subfield code="c">DISPLAY</subfield>
    <subfield code="d">2025-12-18</subfield>
    <subfield code="i">110313</subfield>
    <subfield code="l">0</subfield>
    <subfield code="o">KNS 540. S29 2022</subfield>
    <subfield code="p">000000018693</subfield>
    <subfield code="r">2025-12-18 16:24:00</subfield>
    <subfield code="t">C.2</subfield>
    <subfield code="w">2025-12-18</subfield>
    <subfield code="y">BK</subfield>
  </datafield>
  <datafield tag="952" ind1=" " ind2=" ">
    <subfield code="0">0</subfield>
    <subfield code="1">0</subfield>
    <subfield code="2">lcc</subfield>
    <subfield code="4">0</subfield>
    <subfield code="6">KNS0540 S29  02022</subfield>
    <subfield code="7">0</subfield>
    <subfield code="8">LAW</subfield>
    <subfield code="9">374067</subfield>
    <subfield code="a">KSUL</subfield>
    <subfield code="b">KSUL</subfield>
    <subfield code="c">DISPLAY</subfield>
    <subfield code="d">2025-12-18</subfield>
    <subfield code="i">110314</subfield>
    <subfield code="l">0</subfield>
    <subfield code="o">KNS 540. S29 2022</subfield>
    <subfield code="p">000000018081</subfield>
    <subfield code="r">2025-12-18 16:24:00</subfield>
    <subfield code="t">C.3</subfield>
    <subfield code="w">2025-12-18</subfield>
    <subfield code="y">BK</subfield>
  </datafield>
  <datafield tag="952" ind1=" " ind2=" ">
    <subfield code="0">0</subfield>
    <subfield code="1">0</subfield>
    <subfield code="2">lcc</subfield>
    <subfield code="4">0</subfield>
    <subfield code="6">KNS0540 S29  02022</subfield>
    <subfield code="7">0</subfield>
    <subfield code="8">LAW</subfield>
    <subfield code="9">374068</subfield>
    <subfield code="a">KSUL</subfield>
    <subfield code="b">KSUL</subfield>
    <subfield code="c">DISPLAY</subfield>
    <subfield code="d">2025-12-18</subfield>
    <subfield code="i">110315</subfield>
    <subfield code="l">0</subfield>
    <subfield code="o">KNS 540. S29 2022</subfield>
    <subfield code="p">000000018082</subfield>
    <subfield code="r">2025-12-18 16:24:00</subfield>
    <subfield code="t">C.4</subfield>
    <subfield code="w">2025-12-18</subfield>
    <subfield code="y">BK</subfield>
  </datafield>
</record>
